000 00376nam a2200133Ia 4500
008 240624s9999 xx 000 0 und d
041 _aeng
082 _a332.6 PRI
100 _aPRING MARTIN J
245 _aHOW TO SELECT STOCKS USING TECHNICAL ANA
260 _c2008
_aMumbai
_bShroff Publishers & Distributors Pvt.Ltd.
300 _axii, : 162 : p. : cm. ; 24
365 _cRS
999 _c24374
_d24374